| 000 | 00634nam a2200205 a 4500 | ||
|---|---|---|---|
| 005 | 20210223130858.0 | ||
| 008 | 060627s2004 mx r 000 0 spa d | ||
| 020 | _a9700749185 | ||
| 035 | _aUPN01000167958 | ||
| 049 | _aI | ||
| 050 | 4 |
_aPZ74.1 _bM7.6 |
|
| 100 | 1 |
_aMorales Godo, María Luz, _d1889-1980 |
|
| 245 | 1 | 3 |
_aLa odisea / _crelatada a los niños por María Luz Morales. |
| 260 |
_aMéxico : _bPorrúa, _c2004. |
||
| 300 | _a108 p., [8] h. de láms. | ||
| 440 | 0 |
_aBiblioteca juvenil porrúa ; _v19 |
|
| 650 | 4 |
_aODISEO (MITOLOGIA GRIEGA) - _vLITERATURA JUVENIL _96752 |
|
| 700 | 0 |
_aHomero _tLa odisea |
|
| 905 | _aInfantil | ||
| 999 |
_c140067 _d140067 |
||